000 00370nam a2200145Ia 4500
008 240510s9999 xx 000 0 und d
041 _aEng
082 _bNS
100 _aThe National Computing Centre
245 0 _aIntroduction to Data Processing (Student Notes)
260 _bThe National Computing Centre Ltd.,
260 _c1984
942 _2ddc
942 _cLBK
999 _c21841
_d21841
945 _a1
_bMadushi Gamage
_c1
_dMadushi Gamage